| 000 | 02074cab a2200217 4500 | ||
|---|---|---|---|
| 001 | ##L134305 | ||
| 008 | 060725n2006 000 0 eng u | ||
| 035 | _a(Sirsi) u134305 | ||
| 041 | 0 | _aeng | |
| 245 | 0 | 0 | _aBath and North East Somerset Council v Eileen Connors and others |
| 260 | _c2006 | ||
| 520 | _a[2006] EWHC 1595 (QB), 5 July 2006. Concerns the possibility of a successful appeal for temporary planning permission relating to the stationing of gypsy caravans on a green belt site. B applied for injunctions against C to restrain existing and anticipated breaches of planning control pursuant to the Town and Country Planning Act 1990 s187B. After B refused planning permission C's appeal to the planning inspector was dismissed on the grounds that neither C's personal circumstances nor the limited scope for alternative accommodation nor the potential interference with C's rights under the Convention on Human Rights and Fundamental Freedoms Art 8, outweighed the possibility of substantial harm to the site located in a designated area of outstanding beauty, a decision upheld by the SoS. C accepted the granting of an injunction but submitted that it should be suspended as C had a reasonable prospect of success of gaining temporary planning permission following ODPM Circular 01/2006 "Planning for gypsy and traveller caravan sites". "Held": application granted. Notwithstanding the new circular there was no realistic prospect of C succeeding in a fresh appeal or of B reaching a different planning conclusion. | ||
| 590 | _aIKA010806 | ||
| 650 | 2 | 4 | _aBATH AND NORTH EAST SOMERSET COUNCIL V CONNORS AND OTHERS |
| 650 | 2 | 4 | _aCONVENTION FOR THE PROTECTION OF HUMAN RIGHTS AND FUNDAMENTAL FREEDOMS ART 8 |
| 650 | 2 | 4 | _aTOWN AND COUNTRY PLANNING ACT 1990 S187B |
| 651 | 4 |
_aEngland and Wales _y1543- |
|
| 690 | _aENVIRONMENTAL AND LAND CONSULTANCY-PLANNING AND DEVELOPMENT-DEVELOPMENT CONTROL-PLANNING ENFORCEMENT | ||
| 856 | 4 | 0 |
_uhttps://www.bailii.org/ew/cases/EWHC/QB/2006/1595.html _zView the judgment free of charge at www.bailii.org... |
| 942 | _n0 | ||
| 999 |
_c77441 _d77441 |
||